แสดงรายละเอียดบรรณานุกรม
  กลับหน้าหลัก

Brief Record : Get Marc (ISO 2709) : E-mail record : QR code ปิดหน้าต่าง
E-books : เกี่ยวกับ Collections
LEADER 00000nama 2200000uu 4500
001    182957
003     ULIBM
008    040531s2542 th m m a000 0 tha d
020    974-846-255-2
041    tha
050    QA76.76 พ553ค
100    พันจันทร์ ธนวัฒนเสถียร
245    คู่มือการใช้ Microsoft Windows 98 : ฉบับเพื่อการใช้งานจริง / พันจันทร์ ธนวัฒนเสถียร
250    2
260    กรุงเทพฯ ซัคเซสมีเดีย 2542
300    1 เล่ม(ไม่เรียงเลขหน้า)
650    โปรแกรมคอมพิวเตอร์ MicrosoftWindows 98 (โปรแกรมคอมพิวเตอร์)
998    1999-10-02
999    ^aใช้งานได้ทุกระบบ
รายการนี้ยังไม่มีแท็ก
คุณยังไม่ได้ล็อกอิน คุณสามารถมีกิจกรรมร่วมกับเว็บไซต์ได้ แต่ต้องล็อกอินก่อน ::
  ล็อกอิน
ลำดับที่ ประเภท เลขเรียก สถานที่ สถานะ
1. หนังสือทั่วไป
หนังสือทั่วไป
QA76.76 พ553ค 2542  
  
หนังสือทั่วไป On Shelf
  ขอยืม
2. หนังสือทั่วไป
หนังสือทั่วไป
QA76.76 พ553ค 2542  
  
หนังสือทั่วไป On Shelf
  ขอยืม
3. หนังสือทั่วไป
หนังสือทั่วไป
QA76.76 พ553ค 2542  
  
หนังสือทั่วไป On Shelf
  ขอยืม
4. หนังสือทั่วไป
หนังสือทั่วไป
QA76.76 พ553ค 2542  
  
หนังสือทั่วไป On Shelf
  ขอยืม
   [แสดง 4/4 รายการ]

รายการใกล้เคียง
    ผู้แต่ง [พันจันทร์ ธนวัฒนเสถียร]

BibComment


ยังไม่เคยถูกคอมเมนท์

คอมเมนท์ทรัพยากรรายการนี้
  คอมเมนท์: คู่มือการใช้ Micr..
Bib 182957

 
 
 

 Union Library Management : ULibM
Copyright 2026. All Rights Reserved.
скачать бесплатно без регистрации порно красивый секс HD Sex Hindi sex

xxx gou

xxxx

bfxxx

xxxwww

Секса Видео

xxxx

Секса Видео

detube

geilexxx

C99 Shell

worms shell

blod xxx video
Ebony Coed Rihanna Rimes Takes A Dick In Her Young Twat priyaa indian fuck anal and pusssy hardcore indian women xxx desi hardcore fucking part 1 bengalixxxcouple